La escalera /
Un ciempiés asustado, el gigante que vive en un reflejo, una gusanita que teje sus alas de mariposa y otras pequeñas historias. Por esta escalera los más chicos se asomarán a la poesía, que no es más que esa mirada con la que los niños leen el mundo.
Guardado en:
| Autor Principal: | |
|---|---|
| Otros Autores: | |
| Formato: | Libro |
| Publicado: |
Buenos Aires :
Edelvives,
2013
|
| Series: | A la Delta A ;
9 |
| Materias: | |
| Etiquetas: |
Agregar Etiqueta
Sin Etiquetas, Sea el primero en etiquetar este registro!
|
| LEADER | 01497nam a22003135a 4500 | ||
|---|---|---|---|
| 001 | CEM.cems015036 | ||
| 008 | 130507s2013##################000#0#####d | ||
| 005 | 20241114142716.0 | ||
| 245 | 1 | 0 | |a La escalera / |c María Cristina Ramos ; ilustrado Por Natalia Colombo |
| 260 | |a Buenos Aires : |b Edelvives, |c 2013 | ||
| 300 | |a 40 p. | ||
| 440 | 0 | |a A la Delta A ; |v 9 | |
| 500 | |a A partir de 6 años. | ||
| 520 | |a Un ciempiés asustado, el gigante que vive en un reflejo, una gusanita que teje sus alas de mariposa y otras pequeñas historias. Por esta escalera los más chicos se asomarán a la poesía, que no es más que esa mirada con la que los niños leen el mundo. | ||
| 505 | 0 | |a La esclara -- El gigante -- Pescador -- La ventana -- ¿Para qué? -- Huesito -- De hilo blanco | |
| 020 | |a 9789876422185 | ||
| 100 | 1 | |a Ramos, María Cristina | |
| 700 | 1 | |a Colombo, Natalia; il. | |
| 082 | 0 | 4 | |a A868.4 |
| 653 | |a Literatura | ||
| 653 | |a Literatura argentina | ||
| 653 | |a Literatura infantil | ||
| 653 | |a Cuentos infantiles | ||
| 653 | |a Colección ciencias de la educación | ||
| 859 | |a CEMS |b BIB. CEMS - Ccias. Educacion |h A868.4 |i R147-1 |k CE |p 27946.19 |t Ej.1 | ||
| 859 | |a CEMS |b BIB. CEMS - Inicial y Primaria |h A861.4 |i R147-3 |k IP |p 3941 |t Ej.1 | ||
| 859 | |a CEMS |b BIB. CEMS - Inicial y Primaria |h A861.4 |i R147-3 |k IP |p 4306 |t Ej.2 | ||
| 859 | |a CEMS |b BIB. CEMS - Ccias. Educacion |h A868.4 |i R147-1 |k CE |p 28628.19 |t Ej.2 | ||
| 859 | |a CEMS |b BIB. CEMS - Ccias. Educacion |h A868.4 |i R147-1 |k CE |p 28902.19 |t Ej.3 | ||
